Eek Words Quiz Stats

 Plays Quiz Updated Sep 24, 2018

Score 0/13 Timer 03:00
2 Plays Today
Clue Word ending in eek % Correct
The Beatles need love 8 days of thisWeek
96.3%
Go in search ofSeek
95.4%
Fleshy part of the faceCheek
94.9%
Small stream of water, don't go up it without a paddleCreek
93.4%
An onion-like vegetable or Welsh emblemLeek
91%
According to the Bible, they'll inherit the earthMeek
90.4%
Emit an offensive odorReek
89.5%
Carnival performer or technology 'nerd' (or Sporcle founder)Geek
89%
Smooth and glossySleek
85%
Native of a country in southeastern EuropeGreek
80.6%
To look furtivelyPeek
75.5%
Gibe, joke; Super Friends space monkeyGleek
13.1%
Leguminous Eurasian herbFenugreek
7.5%

You're not logged in!

Compare scores with friends on all Sporcle quizzes.
OR
Log In

Sporcle TV

Today on Sporcle TV


Watch our educational content, quiz creation guides, and fun videos on Sporcle TV.

Show Comments

Extras

Top Quizzes Today


Score Distribution

Your Account Isn't Verified!

In order to create a playlist on Sporcle, you need to verify the email address you used during registration. Go to your Sporcle Settings to finish the process.

Report this User

Report this user for behavior that violates our Community Guidelines.

Details: